Soil science and management
Gorde:
| Egile nagusia: | |
|---|---|
| Formatua: | Liburua |
| Hizkuntza: | Undetermined |
| Argitaratua: |
Australia
Thomson
2003
|
| Gaiak: | |
| Etiketak: |
Etiketa erantsi
Etiketarik gabe, Izan zaitez lehena erregistro honi etiketa jartzen!
|
| Thư viện lưu trữ: | Trung tâm Học liệu Trường Đại học Cần Thơ |
|---|
| LEADER | 00501nam a2200193Ia 4500 | ||
|---|---|---|---|
| 001 | CTU_88925 | ||
| 008 | 210402s9999 xx 000 0 und d | ||
| 020 | |c 1132000 | ||
| 082 | |a 631.4 | ||
| 082 | |b P715 | ||
| 100 | |a Plaster, Edward J. | ||
| 245 | 0 | |a Soil science and management | |
| 245 | 0 | |c Edward J. Plaster | |
| 260 | |a Australia | ||
| 260 | |b Thomson | ||
| 260 | |c 2003 | ||
| 650 | |a Soil science,Soil management | ||
| 904 | |i Truc | ||
| 980 | |a Trung tâm Học liệu Trường Đại học Cần Thơ | ||